LEADER 01028nam0 22002651i 450 001 VAN0026197 005 20050301120000.0 100 $a20041020d1987 |0itac50 ba 101 $aita 102 $aIT 105 $a|||| ||||| 200 1 $aArchivio d'architettura$ecatalogo ragionato degli edifici contemporanei, 1985$fPaolo Giambartolomei 210 $aRoma$cOfficina$d1987 215 $a362 p.$cill.$d24 cm. 606 $aArchitettura$x1965-1985$3VANC011876$2FI 620 $dRoma$3VANL000360 676 $a724.91$v21 700 1$aGiambartolomei$bPaolo$3VANV021808$010490 712 $aOfficina$3VANV108055$4650 801 $aIT$bSOL$c20230616$gRICA 899 $aBIBLIOTECA DEL DIPARTIMENTO DI ARCHITETTURA E DISEGNO INDUSTRIALE$1IT-CE0107$2VAN01 912 $aVAN0026197 950 $aBIBLIOTECA DEL DIPARTIMENTO DI ARCHITETTURA E DISEGNO INDUSTRIALE$d01PREST IIAa40 $e01 27895 20050908 996 $aArchivio d'architettura$91432338 997 $aUNICAMPANIA LEADER 02012nam0 2200481 i 450 001 VAN00044190 005 20260210023358.916 010 $a978-35-402-0926-3 100 $a20060413d2004 |0itac50 ba 101 $aeng 102 $aDE 105 $a|||| ||||| 181 $ai$b e 182 $an 183 $anc 200 1 $aNoncommutative stationary processes$fRolf Gohm 210 $aBerlin$cSpringer$d2004 215 $aVIII, 170 p.$d24 cm 300 $aPubblicazione disponibile anche in formato elettronico 461 1$1001VAN00102250$12001 $aLecture notes in mathematics$1210 $aBerlin [etc.]$cSpringer$v1839 500 1$3VAN00234476$aNoncommutative stationary processes$9262659 606 $a46-XX$xFunctional analysis [MSC 2020]$3VANC019764$2MF 606 $a46L53$xNoncommutative probability and statistics [MSC 2020]$3VANC023420$2MF 606 $a46L54$xFree probability and free operator algebras [MSC 2020]$3VANC023421$2MF 606 $a46L55$xNoncommutative dynamical systems [MSC 2020]$3VANC023337$2MF 610 $aAdapted endomorphism$9KW:K 610 $aCompletely positive$9KW:K 610 $aDilation$9KW:K 610 $aExtension$9KW:K 610 $aMarkov Processes$9KW:K 610 $aMarkov property$9KW:K 610 $aNoncommutative stationary processes$9KW:K 620 $dBerlin$3VANL000066 700 1$aGohm$bRolf$3VANV035673$0282339 712 $aSpringer $3VANV108073$4650 801 $aIT$bSOL$c20260213$gRICA 856 4 $u/sebina/repository/catalogazione/documenti/ID 44190.pdf$zID 44190.pdf 856 4 $uhttps://doi.org/10.1007/b95349$zhttps://doi.org/10.1007/b95349 899 $aBIBLIOTECA DEL DIPARTIMENTO DI MATEMATICA E FISICA$1IT-CE0120$2VAN08 912 $aVAN00044190 950 $aBIBLIOTECA DEL DIPARTIMENTO DI MATEMATICA E FISICA$d08PREST 46-XX 1661 $e08 6610 I 20060413 996 $aNoncommutative stationary processes$9262659 997 $aUNICAMPANIA